[Event "Calvia ol (Women)"]
[Site "Mallorca (Spain)"]
[Date "2004.10.18"]
[Round "4.15"]
[White "Arribas, Maritza"]
[Black "Hund, Barbara"]
[Result "1/2-1/2"]
[WhiteElo "2325"]
[BlackElo "2240"]
[PlyCount "96"]
[EventDate "2004.10.15"]

1. e4 e5 2. Nf3 Nc6 3. Bb5 a6 4. Ba4 Nf6 5. O-O b5 6. Bb3 Be7 7. Re1 O-O 8. d4
d6 9. c3 Bg4 10. Be3 exd4 11. cxd4 d5 12. e5 Ne4 13. h3 Bh5 14. Nc3 Nxc3 15.
bxc3 Bg6 16. Bc2 Bxc2 17. Qxc2 Qd7 18. Bg5 Nd8 19. Bxe7 Qxe7 20. a4 Ne6 21. Ra2
c5 22. axb5 axb5 23. Rb2 Rab8 24. Reb1 Rfc8 25. Qe2 cxd4 26. cxd4 b4 27. Rc2
Rxc2 28. Qxc2 Qc7 29. Qxc7 Nxc7 30. Kf1 Ne6 31. g3 b3 32. Rb2 Rb4 33. Ke2 g5
34. Kd3 h5 35. Kc3 Rc4+ 36. Kxb3 Nxd4+ 37. Nxd4 Rxd4 38. Re2 Kg7 39. Kc3 Rc4+
40. Kd3 Ra4 41. e6 fxe6 42. Rxe6 h4 43. gxh4 Rxh4 44. Re5 Rxh3+ 45. Ke2 Kf6 46.
Rxd5 Ra3 47. Kf1 Rb3 48. Kg2 Ra3 1/2-1/2

[Event "Calvia ol (Women)"]
[Site "Mallorca (Spain)"]
[Date "2004.10.18"]
[Round "4.15"]
[White "Heinatz, Gundula"]
[Black "Pina, Sulennis"]
[Result "1/2-1/2"]
[WhiteElo "2244"]
[BlackElo "2313"]
[PlyCount "97"]
[EventDate "2004.10.15"]

1. Nf3 Nf6 2. g3 g6 3. Bg2 Bg7 4. O-O O-O 5. d4 d6 6. b3 c5 7. Bb2 cxd4 8. Nxd4
d5 9. c4 dxc4 10. Na3 cxb3 11. Qxb3 Nbd7 12. Rac1 a6 13. Rfd1 Qb6 14. Nc4 Qxb3
15. Nxb3 Rb8 16. Nca5 Ne8 17. Bxg7 Nxg7 {#} 18. Rxc8 Rfxc8 19. Rxd7 Rc2 20.
Bxb7 Rxa2 21. Rxe7 Nf5 22. Re5 Kf8 23. e4 Nd6 24. Bxa6 Rxb3 25. Nxb3 Rxa6 26.
Nc5 Rc6 27. Rd5 Ke7 28. g4 h6 29. h4 Nc4 30. Nd3 Nb6 31. Rc5 Rxc5 32. Nxc5 Nc4
33. Kg2 Ne5 34. Kg3 Kf6 35. Nb3 Nc6 36. f4 Ke6 37. Nc5+ Kd6 38. Nd3 Ke6 39. f5+
Kf6 40. Nf4 gxf5 41. exf5 Nd4 42. Nd3 h5 43. gxh5 Nxf5+ 44. Kg4 Nh6+ 45. Kf4
Nf5 46. Ne5 Nxh4 47. Ng4+ Kg7 48. Ne3 Ng6+ 49. hxg6 1/2-1/2

[Event "Calvia ol (Women)"]
[Site "Mallorca (Spain)"]
[Date "2004.10.18"]
[Round "4.15"]
[White "Ramon, Vivian"]
[Black "Seps, Monika"]
[Result "1-0"]
[WhiteElo "2251"]
[BlackElo "2077"]
[PlyCount "83"]
[EventDate "2004.10.15"]

1. d4 d5 2. c4 c6 3. Nc3 Nf6 4. e3 a6 5. Nf3 e6 6. Qc2 c5 7. dxc5 Bxc5 8. a3
O-O 9. b4 Ba7 10. Bb2 dxc4 11. Bxc4 b5 12. Bd3 Bb7 13. Ne4 Nbd7 14. Rd1 Rc8 15.
Qb1 Bxe4 16. Bxe4 Qe7 17. Bd3 h6 18. O-O Nb6 19. Rc1 Na4 20. Ba1 Nd5 21. Rfe1
Qb7 22. Ne5 Bb8 23. Bd4 Rfd8 24. Bh7+ Kf8 25. Qe4 Rxc1 26. Rxc1 Rc8 27. Re1 Qc7
28. Qf3 Nab6 29. Bc5+ Ke8 {#} 30. Bg6 Qxe5 31. Qxf7+ Kd8 32. f4 Qc3 33. Rd1
Rxc5 34. Qg8+ Kc7 35. bxc5 Qxe3+ 36. Kh1 Nd7 37. Qxg7 Qxc5 38. Be8 Qc6 39. Bxd7
Qxd7 40. Rc1+ Kd6 41. Qf8+ Qe7 42. Qxb8+ 1-0

[Event "Calvia ol (Men)"]
[Site "Mallorca (Spain)"]
[Date "2004.10.19"]
[Round "5.15"]
[White "Zelcic, Robert"]
[Black "Gustafsson, Jan"]
[Result "1/2-1/2"]
[WhiteElo "2531"]
[BlackElo "2603"]
[PlyCount "188"]
[EventDate "2004.10.15"]

1. e4 e5 2. Nf3 Nc6 3. Nc3 Nf6 4. d4 exd4 5. Nxd4 Bb4 6. Nxc6 bxc6 7. Bd3 d5 8.
exd5 O-O 9. O-O cxd5 10. Bg5 c6 11. Na4 h6 12. Bh4 Bd6 13. Re1 Rb8 14. b3 Be6
15. Qf3 Rb4 16. Bg3 c5 17. Bf5 Bxf5 18. Qxf5 Bxg3 19. hxg3 Qc7 20. Nc3 Qc6 21.
Rad1 Rd4 22. Qf3 Rd8 23. a4 Rxd1 24. Rxd1 Qe6 25. Ne2 Qe5 26. Nf4 h5 27. c4 d4
28. Nd3 Qg5 29. Qc6 Qg4 30. Re1 Qf5 31. Qf3 Qxf3 32. gxf3 Nd7 33. b4 cxb4 34.
Nxb4 Nc5 35. Nc6 Rd7 36. Re8+ Kh7 37. Ne5 Rc7 38. f4 f6 39. Nf3 Rd7 40. a5 Nb3
41. Rb8 Nxa5 42. c5 d3 43. Nd2 Kg6 44. Kg2 Rd4 45. Ra8 Rd7 46. Rc8 Kf7 47. Kf3
Ke6 48. c6 Re7 49. c7 Nc6 50. Rd8 Rxc7 51. Rxd3 Rd7 52. Re3+ Kf5 53. Nc4 Nd4+
54. Kg2 Rc7 55. Nd6+ Kg6 56. Ra3 Rc6 57. f5+ Kh7 58. Ne4 a6 59. Ra5 Nb5 60. f3
Kg8 61. Kh3 Nd4 62. Nc5 Nxf3 63. Kg2 Nd4 64. Nxa6 Rc2+ 65. Kf1 Kh7 66. Rd5 Nf3
67. Nb4 Rb2 68. Nc6 Kh6 69. Nd8 Rd2 70. Rxd2 Nxd2+ 71. Ke2 Ne4 72. Kf3 Nc5 73.
Kf4 Nd3+ 74. Ke3 Ne5 75. Kf4 Kh7 76. Ne6 Kg8 77. Ke4 Kh7 78. Kf4 Kh6 79. Nc5
Ng4 80. Ne6 Nf2 81. Nd8 Nh3+ 82. Kf3 Kh7 83. Ke3 g6 84. fxg6+ Kxg6 85. Nc6 Kf5
86. Kf3 Ng5+ 87. Kg2 Ke4 88. Ne7 Ne6 89. Kh3 Kf3 90. Nd5 f5 91. Kh4 Ng7 92. Ne7
f4 93. gxf4 Kxf4 94. Nd5+ Kf5 1/2-1/2

[Event "Calvia ol (Men)"]
[Site "Mallorca (Spain)"]
[Date "2004.10.19"]
[Round "5.17"]
[White "Bu, Xiangzhi"]
[Black "Pelletier, Yannick"]
[Result "1-0"]
[WhiteElo "2615"]
[BlackElo "2589"]
[PlyCount "105"]
[EventDate "2004.10.15"]

1. d4 d5 2. Nf3 Nf6 3. c4 c6 4. e3 Bf5 5. Nc3 e6 6. Nh4 Bg6 7. Nxg6 hxg6 8. g3
Nbd7 9. Bg2 dxc4 10. Qe2 Nb6 11. O-O Be7 12. Rd1 Qc7 13. e4 e5 14. Be3 Nfd7 15.
f4 exd4 16. Bxd4 Bc5 17. e5 Bxd4+ 18. Rxd4 Nc5 19. Qe3 O-O 20. Rd6 Nd3 21. b3
Rae8 22. Qd4 c5 23. Qe4 Qxd6 24. exd6 Rxe4 25. Bxe4 Rd8 26. Rd1 Nb4 27. Bxb7
Rd7 28. Bg2 Nc8 29. Ne4 f5 30. Bh3 Nxa2 31. bxc4 Nb4 32. Rb1 Na6 33. Ra1 Nb4
34. Nxc5 Rxd6 35. Bg2 Rd2 36. Rb1 a5 37. Nb3 Ra2 38. Nxa5 Rxa5 39. Rxb4 Nd6 40.
Bd5+ Kh7 41. Kf2 Ra3 42. Ke2 Ne4 43. Bxe4 fxe4 44. Rb5 Rc3 45. Rc5 g5 46. Rxg5
Rxc4 47. Ke3 Kg8 48. h4 Kf7 49. h5 Ra4 50. g4 Ra3+ 51. Kxe4 Rg3 52. Rg6 Rg1 53.
Kf5 1-0

[Event "Calvia ol (Women)"]
[Site "Mallorca (Spain)"]
[Date "2004.10.19"]
[Round "5.3"]
[White "Nill, Jessica"]
[Black "Milliet, Sophie"]
[Result "0-1"]
[WhiteElo "2256"]
[BlackElo "2299"]
[PlyCount "120"]
[EventDate "2004.10.15"]

1. d4 d5 2. c4 c6 3. Nf3 Nf6 4. e3 Bf5 5. Nc3 e6 6. Be2 h6 7. O-O Nbd7 8. b3
Bd6 9. Bb2 O-O 10. Rc1 Ne4 11. Nxe4 Bxe4 12. h3 Qf6 13. Bd3 Rad8 14. Bxe4 dxe4
15. Nd2 Qf5 16. Qg4 Nf6 17. Qxf5 exf5 18. Rfd1 Nd7 19. Nb1 f4 20. Nc3 fxe3 21.
fxe3 f5 22. Ne2 g5 23. g3 Kh7 24. Rf1 Kg6 25. Kg2 Rde8 26. Rcd1 Rf7 27. Bc3
Ref8 28. Rde1 Nf6 29. Bd2 Nh5 30. Bc1 Ng7 31. Rd1 Ne6 32. Rde1 c5 33. d5 Ng7
34. Bb2 Ne8 35. Bc3 Nc7 36. Rb1 Na6 37. Rbd1 Nb8 38. Rb1 Nd7 39. Rbd1 Be5 40.
Rc1 a6 41. Rc2 Bd6 42. Rcc1 b5 43. Bb2 Rb8 44. Rfd1 b4 45. Ra1 Ne5 46. a4 Nd3
47. Bc1 Be5 48. Ra2 Rg8 49. Bd2 Kh7 50. Kh2 h5 51. Nc1 Nf2 52. Rf1 h4 53. Be1
hxg3+ 54. Kg2 f4 55. Bxf2 f3+ 56. Kg1 g4 57. hxg4 Rxg4 58. Be1 g2 59. a5 Bh2+
60. Kf2 g1=Q+ 0-1

[Event "Calvia ol (Women)"]
[Site "Mallorca (Spain)"]
[Date "2004.10.19"]
[Round "5.19"]
[White "Lematschko, Tatjana"]
[Black "Ptacnikova, Lenka"]
[Result "0-1"]
[WhiteElo "2267"]
[BlackElo "2257"]
[PlyCount "98"]
[EventDate "2004.10.15"]

1. d4 Nf6 2. c4 e6 3. Nf3 Bb4+ 4. Bd2 c5 5. Bxb4 cxb4 6. Qd3 O-O 7. Nbd2 d6 8.
g3 a5 9. Bg2 Na6 10. O-O Qe7 11. Rfd1 Rb8 12. a3 b6 13. Ne1 Bb7 14. Nc2 Bxg2
15. Kxg2 Qb7+ 16. Kg1 bxa3 17. Qxa3 d5 18. b3 Rbc8 19. f3 Rfe8 20. Qd6 h6 21.
g4 e5 22. dxe5 Rcd8 23. Qa3 Rxe5 24. Nd4 Nb4 25. Qb2 dxc4 26. Nxc4 Red5 27. Ne3
R5d7 28. Ndf5 Rxd1+ 29. Rxd1 Rxd1+ 30. Nxd1 Qd7 31. Nf2 Qe6 32. Ne4 Nbd5 33.
Qd4 Kh7 34. Nxf6+ Nxf6 35. Qd3 g6 36. Ne3 b5 37. h4 a4 38. bxa4 bxa4 39. h5 Qe7
40. hxg6+ fxg6 41. Nc4 Qd7 42. Qe3 Nxg4 43. Kg2 Nxe3+ 44. Nxe3 a3 45. Ng4 Qxg4+
46. fxg4 a2 47. Kf2 a1=Q 48. e3 Qf6+ 49. Kg3 h5 0-1

[Event "Calvia ol (Women)"]
[Site "Mallorca (Spain)"]
[Date "2004.10.19"]
[Round "5.19"]
[White "Thorsteinsdottir, Gudlaug"]
[Black "Heinatz, Gundula"]
[Result "0-1"]
[WhiteElo "2130"]
[BlackElo "2244"]
[PlyCount "82"]
[EventDate "2004.10.15"]

1. d4 Nf6 2. c4 e6 3. Nc3 Bb4 4. Qc2 O-O 5. a3 Bxc3+ 6. Qxc3 b6 7. Bg5 Bb7 8.
e3 h6 9. Bh4 d6 10. f3 Nbd7 11. Ne2 c5 12. dxc5 bxc5 13. Qd2 Ne5 14. Qc2 Ba6
15. b3 Rb8 16. Nc3 Ng6 17. Bg3 Nh5 18. Bf2 d5 19. g4 Nf6 20. cxd5 Bxf1 21. Kxf1
exd5 22. Bg3 Rc8 23. Kg2 Qe7 24. Rhe1 Rfd8 25. Rac1 Qb7 26. Na4 c4 27. b4 Qa6
28. Red1 Re8 29. Re1 Re7 30. Rcd1 Rce8 31. Kf2 Ne5 32. Bxe5 Rxe5 33. h3 R5e7
34. Rd4 Qd6 35. f4 g5 36. Qf5 Re4 37. Rxe4 Nxe4+ 38. Kg2 Qc6 39. Nc5 {#} d4 40.
Kh2 Nd2 41. Re2 Nf1+ 0-1

[Event "Calvia ol (Women)"]
[Site "Mallorca (Spain)"]
[Date "2004.10.19"]
[Round "5.19"]
[White "Seps, Monika"]
[Black "Gretarsdottir, Lilja"]
[Result "0-1"]
[WhiteElo "2077"]
[BlackElo "2057"]
[PlyCount "64"]
[EventDate "2004.10.15"]

1. e4 c5 2. Nf3 a6 3. c3 e6 4. d4 cxd4 5. cxd4 Nf6 6. Bd3 Nc6 7. O-O b5 8. Nc3
Be7 9. Bg5 d6 10. e5 dxe5 11. dxe5 Nd7 12. Bxe7 Qxe7 13. Qe2 Bb7 14. Rad1 O-O
15. Be4 Rad8 16. a3 Kh8 17. Rfe1 Nb6 18. Qc2 Rxd1 19. Nxd1 Rc8 20. Qe2 h6 21.
Ne3 Nd4 22. Nxd4 Bxe4 23. Qg4 Bb7 24. f4 Qc5 25. f5 Rd8 26. Nec2 exf5 27. Qh4
Rd7 28. Qf2 Be4 29. b4 Qxe5 30. Nf3 Qc7 31. Ncd4 Nc4 32. Qe3 Nxe3 0-1

[Event "Calvia ol (Men)"]
[Site "Mallorca (Spain)"]
[Date "2004.10.20"]
[Round "6.18"]
[White "Dautov, Rustem"]
[Black "Bologan, Viktor"]
[Result "1/2-1/2"]
[WhiteElo "2623"]
[BlackElo "2669"]
[PlyCount "116"]
[EventDate "2004.10.15"]

1. d4 Nf6 2. c4 g6 3. g3 Bg7 4. Bg2 d5 5. cxd5 Nxd5 6. e4 Nb6 7. Ne2 c5 8. d5
O-O 9. Nbc3 e6 10. O-O exd5 11. Nxd5 Bg4 12. h3 Bxe2 13. Qxe2 Nc6 14. Qb5 Nxd5
15. exd5 Nd4 16. Qxc5 Ne2+ 17. Kh1 Nxc1 18. Raxc1 Be5 19. Rfd1 Bd6 20. Qd4 Re8
21. Bf3 Qe7 22. Kg2 Qe5 23. Qa4 Qf6 24. Qb5 Re7 25. Re1 Kg7 26. Rxe7 Qxe7 27.
Rc2 Rb8 28. Qa4 a6 29. Qd4+ Qf6 30. Qb6 Qd8 31. Qe3 h5 32. h4 Rc8 33. Qd4+ Kg8
34. Re2 Bc5 35. Qf4 Bd6 36. Qd4 Bc5 37. Qd3 Bd6 38. Qb3 Rc7 39. Qb6 Rd7 40.
Qxd8+ Rxd8 41. Rc2 Kf8 42. g4 hxg4 43. Bxg4 Be5 44. Bc8 Rxd5 45. Bxb7 Rb5 46.
Bxa6 Rxb2 47. Rxb2 Bxb2 48. a4 Bf6 49. Kg3 Bd8 50. Bc4 Kg7 51. f3 Bc7+ 52. Kf2
Bd8 53. Ke3 Bxh4 54. a5 Bd8 55. a6 Bb6+ 56. Ke4 f5+ 57. Ke5 Bg1 58. Ke6 Bf2
1/2-1/2

[Event "Calvia ol (Men)"]
[Site "Mallorca (Spain)"]
[Date "2004.10.20"]
[Round "6.18"]
[White "Iordachescu, Viorel"]
[Black "Lutz, Christopher"]
[Result "1-0"]
[WhiteElo "2632"]
[BlackElo "2596"]
[PlyCount "69"]
[EventDate "2004.10.15"]

1. e4 c5 2. Nf3 d6 3. d4 cxd4 4. Nxd4 Nf6 5. Nc3 a6 6. Be3 e6 7. f3 b5 8. g4 b4
9. Nce2 h6 10. Qd2 e5 11. Nb3 a5 12. c4 Nc6 13. Rd1 Be6 14. Ng3 a4 15. Nc1 g6
16. h4 h5 17. g5 Nd7 18. Be2 Be7 19. O-O Qa5 20. b3 Nc5 21. f4 exf4 22. Rxf4
axb3 23. axb3 Qa1 24. Nf5 Nxe4 25. Rxe4 gxf5 26. Rf4 Qc3 27. Bf3 Bd7 28. Qf2
Ra1 29. Bxc6 Bxc6 30. Rxf5 O-O 31. Rf1 Raa8 32. Rxf7 Bf6 33. Rxf6 Rxf6 34. gxf6
Kf7 35. Qg3 1-0

[Event "Calvia ol (Men)"]
[Site "Mallorca (Spain)"]
[Date "2004.10.20"]
[Round "6.18"]
[White "Gustafsson, Jan"]
[Black "Sanduleac, Vasile"]
[Result "1/2-1/2"]
[WhiteElo "2603"]
[BlackElo "2486"]
[PlyCount "44"]
[EventDate "2004.10.15"]

1. d4 d5 2. c4 c6 3. Nf3 e6 4. Qc2 f5 5. Bf4 Nf6 6. e3 Be7 7. Nc3 O-O 8. Bd3
Ne4 9. g4 Bd6 10. Bg3 fxg4 11. Bxe4 dxe4 12. Bxd6 Qxd6 13. Ne5 Nd7 14. c5 Qe7
15. Qxe4 Nxe5 16. Qxe5 Rf5 17. Qd6 Qf7 18. Qd8+ Qf8 19. Qxf8+ Kxf8 20. Rd1 Bd7
21. Rg1 Rh5 22. Rxg4 Rxh2 1/2-1/2

[Event "Calvia ol (Men)"]
[Site "Mallorca (Spain)"]
[Date "2004.10.20"]
[Round "6.18"]
[White "Khruschiov, Alexey"]
[Black "Kritz, Leonid"]
[Result "1/2-1/2"]
[WhiteElo "2440"]
[BlackElo "2543"]
[PlyCount "77"]
[EventDate "2004.10.15"]

1. e4 e5 2. Nf3 Nc6 3. Bb5 Nf6 4. O-O Nxe4 5. d4 Nd6 6. Bxc6 dxc6 7. dxe5 Nf5
8. Qxd8+ Kxd8 9. Nc3 Ke8 10. h3 Be7 11. Bf4 Nh4 12. Nxh4 Bxh4 13. Rad1 Be7 14.
Rd2 h5 15. Rfd1 Be6 16. Ne2 h4 17. Nd4 Rh5 18. Nxe6 fxe6 19. f3 Rf5 20. Bh2 Rd8
21. Rxd8+ Bxd8 22. Kf2 Be7 23. Ke3 Bc5+ 24. Ke4 Ke7 25. f4 Ke8 26. Rf1 g6 27.
Rd1 Ke7 28. Rd2 Ke8 29. Rd3 Rh5 30. Kf3 Rf5 31. Ke4 Rh5 32. Rd1 a5 33. a4 Be7
34. Bg1 Rf5 35. Be3 Rh5 36. b3 Rh7 37. Rd3 Rh5 38. Rc3 Kd7 39. Rd3+ 1/2-1/2

[Event "Calvia ol (Men)"]
[Site "Mallorca (Spain)"]
[Date "2004.10.20"]
[Round "6.25"]
[White "Reefat, Bin-Sattar"]
[Black "Gallagher, Joseph G"]
[Result "0-1"]
[WhiteElo "2462"]
[BlackElo "2543"]
[PlyCount "70"]
[EventDate "2004.10.15"]

1. e4 c5 2. Nf3 d6 3. d4 cxd4 4. Nxd4 Nf6 5. Nc3 Nc6 6. Bc4 Qb6 7. Nb3 e6 8.
O-O Be7 9. a4 O-O 10. Be3 Qc7 11. f4 Rd8 12. Bd3 Nb4 13. Qf3 Bd7 14. g4 Bc6 15.
g5 Nd7 16. Nd4 Bf8 17. Qh3 Re8 18. Nf3 g6 19. Rae1 Bg7 20. Qg3 Qa5 21. h4 Nc5
22. Rd1 Nxa4 23. Nd4 Nxd3 24. Nxc6 bxc6 25. Nxa4 Qxa4 26. cxd3 Reb8 27. e5 Rxb2
28. d4 Qb5 29. Qf3 d5 30. Rc1 Rc8 31. h5 a5 32. hxg6 hxg6 33. Rf2 a4 34. Rxb2
Qxb2 35. Qd1 a3 0-1

[Event "Calvia ol (Men)"]
[Site "Mallorca (Spain)"]
[Date "2004.10.20"]
[Round "6.25"]
[White "Jenni, Florian"]
[Black "Abdulla, Al-Rakib"]
[Result "1-0"]
[WhiteElo "2503"]
[BlackElo "2474"]
[PlyCount "87"]
[EventDate "2004.10.15"]

1. e4 e5 2. Nf3 Nc6 3. Bb5 a6 4. Ba4 Nf6 5. d4 exd4 6. O-O Be7 7. e5 Ne4 8.
Nxd4 Nc5 9. Nf5 O-O 10. Qg4 g6 11. Bxc6 dxc6 12. Nxe7+ Qxe7 13. Qg3 f6 14. exf6
Qxf6 15. Be3 Ne4 16. Qxc7 Rf7 17. Qb6 Bf5 18. f3 Nd6 19. Bd4 Qd8 20. Qc5 Nb5
21. Bf2 Qd5 22. c4 Qxc5 23. Bxc5 Nc7 24. Bb6 Bd3 25. Rc1 Re8 26. b3 Ne6 27. Re1
Rfe7 28. Nc3 Nf4 29. Rxe7 Rxe7 30. Rd1 h5 31. Bd8 Re8 32. Bc7 Bc2 33. Rd2 Ne6
34. Rxc2 Nxc7 35. Ne4 Re7 36. Rd2 Kg7 37. Kf2 Ne6 38. h4 Nf8 39. Nc5 Kf7 40.
Rd6 a5 41. Ne4 Kg7 42. Rd8 Nd7 43. Ra8 b6 44. Ra7 1-0

[Event "Calvia ol (Men)"]
[Site "Mallorca (Spain)"]
[Date "2004.10.20"]
[Round "6.25"]
[White "Hossain, Enamul"]
[Black "Papa, Severin"]
[Result "1/2-1/2"]
[WhiteElo "2413"]
[BlackElo "2411"]
[PlyCount "68"]
[EventDate "2004.10.15"]

1. e4 e5 2. Nf3 Nc6 3. Bb5 Nf6 4. O-O Nxe4 5. d4 Nd6 6. Bxc6 dxc6 7. dxe5 Nf5
8. Qxd8+ Kxd8 9. Nc3 Ne7 10. Nd4 a6 11. Ne4 Ng6 12. f4 c5 13. Nf3 Bf5 14. Re1
Be7 15. c4 h5 16. Nfg5 Bxg5 17. Nxg5 Ke7 18. Ne4 Bxe4 19. Rxe4 Ke6 20. Re1 Rad8
21. Be3 Rd3 22. Rad1 Rhd8 23. Rxd3 Rxd3 24. Kf2 b6 25. g3 Ne7 26. Ke2 Rd8 27.
Kf3 Nf5 28. h3 Nxe3 29. Kxe3 Rd4 30. b3 a5 31. Kf3 Rd2 32. Re2 Rd3+ 33. Re3 Rd2
34. Re2 Rd3+ 1/2-1/2

[Event "Calvia ol (Women)"]
[Site "Calvia, Mallorca (Spain)"]
[Date "2004.10.20"]
[Round "6.4"]
[White "Cramling, Pia"]
[Black "Kachiani-G, Ketino"]
[Result "1-0"]
[WhiteElo "2477"]
[BlackElo "2441"]
[PlyCount "159"]
[EventDate "2004.10.15"]

1. d4 d5 2. Nf3 Nf6 3. c4 c6 4. Qb3 dxc4 5. Qxc4 Bf5 6. g3 e6 7. Bg2 Nbd7 8.
O-O Be7 9. Nc3 O-O 10. Qb3 Qb6 11. Nd2 Bg6 12. Nc4 Qa6 13. Bg5 h6 14. Bf4 Nd5
15. Bd6 Bxd6 16. Nxd6 N7b6 17. e4 Rad8 18. e5 Rxd6 19. exd6 Rd8 20. Rfe1 Rxd6
21. Be4 Bh5 22. h3 Ne7 23. g4 Bg6 24. Rad1 Qa5 25. Bg2 Rd7 26. Re5 Nbd5 27. Na4
b6 28. Nc3 Qa6 29. Nxd5 Nxd5 30. a3 Rd6 31. Qg3 Qc4 32. Ree1 Rd8 33. Rd2 Qa6
34. Rc1 Qb7 35. Rc4 Qd7 36. Rd1 Rc8 37. Rdc1 a5 38. Qe5 Bd3 39. Bxd5 exd5 40.
R4c3 Re8 41. Qg3 Bb5 42. Re3 Re4 43. Rce1 f5 44. gxf5 Qxf5 45. Rxe4 dxe4 46.
Qg4 Qxg4+ 47. hxg4 Bd3 48. Rc1 Bb5 49. Re1 Bd3 50. Re3 Bc4 51. Rxe4 Kf7 52. Kh2
Bd5 53. Re3 b5 54. Kg3 g6 55. Kf4 Kf6 56. Re8 g5+ 57. Ke3 a4 58. Rh8 Kg7 59.
Rd8 Be6 60. Rd6 Bd5 61. Kd2 Bf3 62. Kc3 Bxg4 63. Rxc6 h5 64. d5 h4 65. Kd4 h3
66. Ke3 Bd1 67. Rc1 Bb3 68. Rh1 g4 69. Rg1 Bxd5 70. Rxg4+ Kf6 71. Rh4 Be6 72.
Kf4 Kg6 73. Kg3 Kg5 74. Re4 Kf6 75. Rxe6+ Kxe6 76. Kxh3 Kd5 77. f4 b4 78. axb4
Kc4 79. f5 Kb3 80. f6 1-0

[Event "Calvia ol (Women)"]
[Site "Calvia, Mallorca (Spain)"]
[Date "2004.10.20"]
[Round "6.4"]
[White "Nill, Jessica"]
[Black "Johansson, Victoria"]
[Result "1/2-1/2"]
[WhiteElo "2256"]
[BlackElo "2189"]
[PlyCount "64"]
[EventDate "2004.10.15"]

1. d4 d5 2. c4 c6 3. Nc3 Nf6 4. e3 Bf5 5. cxd5 cxd5 6. Qb3 Qd7 7. Nf3 e6 8. Ne5
Qc7 9. Bd2 Be7 10. Rc1 Nc6 11. Bb5 Rc8 12. Na4 O-O 13. Bxc6 bxc6 14. Rxc6 Qd8
15. O-O Rb8 16. Qd1 Nd7 17. Nxd7 Qxd7 18. Rc1 Bd6 19. Bc3 Qc7 20. f4 Rfc8 21.
a3 Qb7 22. Nc5 Qe7 23. b4 g5 24. Qd2 g4 25. Bb2 h5 26. Na6 Ra8 27. Rxc8+ Rxc8
28. Rc1 Rxc1+ 29. Qxc1 Qb7 30. Nc5 Qb5 31. Qd2 Qc4 32. a4 h4 1/2-1/2

[Event "Calvia ol (Women)"]
[Site "Calvia, Mallorca (Spain)"]
[Date "2004.10.20"]
[Round "6.4"]
[White "Andersson, Christin"]
[Black "Mietzner, Tina"]
[Result "0-1"]
[WhiteElo "2168"]
[BlackElo "2235"]
[PlyCount "90"]
[EventDate "2004.10.15"]

1. e4 c5 2. Nf3 d6 3. c3 Nf6 4. Bc4 e6 5. O-O Be7 6. e5 dxe5 7. Nxe5 O-O 8. d4
Nbd7 9. Bf4 Nb6 10. Bd3 Nbd5 11. Bg3 cxd4 12. cxd4 Bd7 13. Nc3 Rc8 14. Rc1 Bc6
15. Nxc6 Rxc6 16. Bb5 Rc8 17. Qe2 a6 18. Bc4 Nb6 19. Bb3 Qxd4 20. Rfd1 Qg4 21.
f3 Qg5 22. Kh1 Bb4 23. Be5 Bxc3 24. Rxc3 Rxc3 25. bxc3 Nfd7 26. f4 Qd8 27. Qd3
Qc8 28. Bc2 g6 29. Bd4 Nd5 30. Qf3 Qc7 31. g3 Rc8 32. f5 Ne5 33. fxg6 hxg6 34.
Qg2 Nxc3 35. Re1 Ng4 36. Qh3 e5 37. Qxg4 Qc6+ 38. Kg1 exd4 39. Qxd4 Nb5 40. Qb2
Qc5+ 41. Kh1 Qf2 42. Rd1 Qf3+ 43. Kg1 Qe3+ 44. Kh1 Qf3+ 45. Kg1 Nc3 0-1

[Event "Calvia ol (Men)"]
[Site "Mallorca (Spain)"]
[Date "2004.10.22"]
[Round "7.21"]
[White "Dizdarevic, Emir"]
[Black "Graf, Alexander"]
[Result "0-1"]
[WhiteElo "2538"]
[BlackElo "2646"]
[PlyCount "84"]
[EventDate "2004.10.15"]

1. Nf3 Nf6 2. g3 b6 3. Bg2 Bb7 4. c4 c5 5. O-O e6 6. d4 cxd4 7. Qxd4 Be7 8. Nc3
d6 9. Bg5 a6 10. Bxf6 Bxf6 11. Qd3 Ra7 12. Rfd1 Be7 13. Ne4 O-O 14. Rd2 Nd7 15.
Rad1 Nc5 16. Nxc5 bxc5 17. Ne5 Qc7 18. Bxb7 Rxb7 19. Nf3 Rfb8 20. b3 a5 21. Qc2
a4 22. Rd3 axb3 23. Rxb3 Rxb3 24. axb3 Qb6 25. Rb1 Ra8 26. Ne1 Bf6 27. Nd3 g6
28. Qd2 Kg7 29. Qf4 Ra3 30. Nc1 Qc6 31. Nd3 Ra2 32. Nc1 Rc2 33. Qe3 Bd4 34. Qd3
Rc3 35. Qd1 Qe4 36. Nd3 h5 37. h4 Qf5 38. Rc1 Rxd3 39. Qxd3 Qxf2+ 40. Kh1 Be3
41. Qc3+ e5 42. Qe1 Qf5 0-1

[Event "Calvia ol (Men)"]
[Site "Mallorca (Spain)"]
[Date "2004.10.22"]
[Round "7.21"]
[White "Predojevic, Borki"]
[Black "Gustafsson, Jan"]
[Result "1/2-1/2"]
[WhiteElo "2509"]
[BlackElo "2603"]
[PlyCount "37"]
[EventDate "2004.10.15"]

1. e4 e5 2. Nf3 Nc6 3. d4 exd4 4. Nxd4 Bc5 5. Be3 Qf6 6. c3 Nge7 7. g3 d5 8.
Bg2 dxe4 9. O-O O-O 10. Nd2 Bb6 11. Nxe4 Qg6 12. Nc5 Nxd4 13. Bxd4 Nc6 14. Re1
Nxd4 15. Qxd4 c6 16. a4 a5 17. Re7 Qg5 18. Re5 Qf6 19. Rae1 1/2-1/2

[Event "Calvia ol (Men)"]
[Site "Mallorca (Spain)"]
[Date "2004.10.22"]
[Round "7.21"]
[White "Kritz, Leonid"]
[Black "Arapovic, Vitomir"]
[Result "1-0"]
[WhiteElo "2543"]
[BlackElo "2430"]
[PlyCount "71"]
[EventDate "2004.10.15"]

1. d4 g6 2. e4 Bg7 3. Nc3 d6 4. f4 c6 5. Nf3 Bg4 6. Be3 Qb6 7. Qd2 Bxf3 8. gxf3
Nd7 9. O-O-O Qa5 10. Kb1 Ngf6 11. Rg1 O-O-O 12. f5 Qc7 13. Qf2 Rhg8 14. Bh3 Kb8
15. f4 Nb6 16. Bc1 Nc4 17. e5 Nd5 18. Nxd5 cxd5 19. e6 Qb6 20. Ka1 fxe6 21.
fxg6 hxg6 22. Bxe6 Rh8 23. Rxg6 Bf6 24. Bxd5 Qb5 25. Be6 d5 26. c3 Rd6 27. f5
Ra6 28. Qg3+ Nd6 29. Rg1 Kc7 30. Rxf6 exf6 31. Qg7+ Kb6 32. Qxh8 Rxa2+ 33. Kxa2
Qa6+ 34. Kb3 Qb5+ 35. Kc2 Qe2+ 36. Bd2 1-0

[Event "Calvia ol (Men)"]
[Site "Mallorca (Spain)"]
[Date "2004.10.22"]
[Round "7.20"]
[White "Pelletier, Yannick"]
[Black "Kengis, Edvins"]
[Result "1-0"]
[WhiteElo "2589"]
[BlackElo "2543"]
[PlyCount "69"]
[EventDate "2004.10.15"]

1. e4 d6 2. d4 Nf6 3. Nc3 g6 4. Nf3 Bg7 5. Be2 O-O 6. O-O c5 7. d5 e6 8. Bf4
exd5 9. exd5 Na6 10. Nd2 Nc7 11. Nc4 b5 12. Nxd6 b4 13. Na4 Ncxd5 14. Bg3 Qa5
15. b3 Ba6 16. Re1 Rad8 17. a3 bxa3 18. c4 Ne7 19. Qc1 Nc8 20. Nxc8 Bxc8 21.
Be5 Ne4 22. Bxg7 Kxg7 23. Qxa3 Rd2 24. Bf3 Nxf2 25. Qxc5 Qd8 26. Rf1 Qf6 27.
Qe3 Rfd8 28. Bd5 R2xd5 29. cxd5 Ng4 30. Qxa7 Rd7 31. Rxf6 Rxa7 32. Rff1 Bf5 33.
Nc5 Rc7 34. Rac1 Ra7 35. d6 1-0

[Event "Calvia ol (Men)"]
[Site "Mallorca (Spain)"]
[Date "2004.10.22"]
[Round "7.20"]
[White "Sveshnikov, Evgeny"]
[Black "Gallagher, Joseph G"]
[Result "1/2-1/2"]
[WhiteElo "2512"]
[BlackElo "2543"]
[PlyCount "53"]
[EventDate "2004.10.15"]

1. e4 c5 2. c3 Nf6 3. e5 Nd5 4. Nf3 Nc6 5. Bc4 Nb6 6. Bb3 d5 7. exd6 Qxd6 8.
Na3 Be6 9. O-O Bxb3 10. axb3 Qd3 11. Qc2 Rd8 12. Qxd3 Rxd3 13. Nc4 Nxc4 14.
bxc4 e6 15. Re1 Be7 16. Ne5 Nxe5 17. Rxe5 a6 18. Kf1 O-O 19. Ke2 Rfd8 20. Re3
R3d6 21. d3 Bg5 22. Rg3 Bxc1 23. Rxc1 e5 24. b4 cxb4 25. cxb4 f6 26. Re3 Kf7
27. Rc3 1/2-1/2

[Event "Calvia ol (Men)"]
[Site "Mallorca (Spain)"]
[Date "2004.10.22"]
[Round "7.20"]
[White "Papa, Severin"]
[Black "Meijers, Viesturs"]
[Result "0-1"]
[WhiteElo "2411"]
[BlackElo "2465"]
[PlyCount "110"]
[EventDate "2004.10.15"]

1. d4 Nf6 2. c4 e6 3. Nc3 Bb4 4. e3 c5 5. Nge2 Ne4 6. Qc2 d5 7. a3 Ba5 8. cxd5
exd5 9. Bd2 Nxd2 10. Qxd2 c4 11. Nf4 Bxc3 12. Qxc3 O-O 13. b3 cxb3 14. Qxb3
Qa5+ 15. Qb4 Qxb4+ 16. axb4 Be6 17. Kd2 Nd7 18. Be2 a6 19. Rhc1 Rfc8 20. b5
Rxc1 21. Rxc1 axb5 22. Bxb5 Nf6 23. f3 Ra2+ 24. Ke1 g5 25. Ne2 Rb2 26. Bd3 h6
27. Rb1 Rxb1+ 28. Bxb1 Kf8 29. Nc3 Ne8 30. e4 Nc7 31. Ba2 dxe4 32. d5 exf3 33.
dxe6 fxg2 34. Kf2 Nxe6 35. Bd5 Nd8 36. Bxg2 Ke7 37. Ke3 f5 38. Kd4 Ke6 39. Bd5+
Kf6 40. Bh1 g4 41. Nd5+ Kg5 42. Ke3 Ne6 43. Nc3 f4+ 44. Kf2 Nc5 45. h3 h5 46.
hxg4 hxg4 47. Nd5 b5 48. Nb4 Ne6 49. Nc2 g3+ 50. Ke2 Kg4 51. Bd5 Ng5 52. Nd4 b4
53. Bc6 Kh3 54. Kf1 Kh2 55. Bd5 b3 0-1